The history and antiquities of the archiepiscopal palace of Lambeth, from its foundation to the present time (Record no. 113708)

MARC details
000 -LEADER
fixed length control field 00790cam a22001935a 4500
001 - CONTROL NUMBER
control field L155625
008 - FIXED-LENGTH DATA ELEMENTS--GENERAL INFORMATION
fixed length control field 120329s1785 xxk f 000 0 eng d
035 ## - SYSTEM CONTROL NUMBER
System control number (Sirsi) u155625
041 0# - LANGUAGE CODE
Language code of text/sound track or separate title eng
245 04 - TITLE STATEMENT
Title The history and antiquities of the archiepiscopal palace of Lambeth, from its foundation to the present time
Remainder of title By Dr. Ducarel, ...
260 ## - PUBLICATION, DISTRIBUTION, ETC.
Place of publication, distribution, etc. London
Name of publisher, distributor, etc. printed by and for J. Nichols
Date of publication, distribution, etc. 1785
300 ## - PHYSICAL DESCRIPTION
Extent x, 132, 72 p., plates
Other physical details port.
Dimensions 4o
520 ## - SUMMARY, ETC.
Summary, etc. Half-title: 'Bibliotheca topographica Britannica. No XXVII. ..' - Forms vol.2, part 5 of the collection of the same title.
583 ## - ACTION NOTE
Action Condition reviewed
Time/date of action 20120620
Status condition level 1
651 #4 - SUBJECT ADDED ENTRY--GEOGRAPHIC NAME
Geographic name Great Britain
Chronological subdivision 1707-
690 ## - LOCAL SUBJECT ADDED ENTRY--TOPICAL TERM (OCLC, RLIN)
Topical term or geographic name as entry element Conservation and restoration
700 1# - ADDED ENTRY--PERSONAL NAME
Personal name Ducarel, Andrew Coltee
Dates associated with a name 1713-1785
942 ## - ADDED ENTRY ELEMENTS (KOHA)
Suppress in OPAC 0
Holdings
Withdrawn status Lost status Damaged status Not for loan Home library Current library Shelving location Date acquired Total Checkouts Full call number Barcode Date last seen Copy number Price effective from Koha item type
        Historic collection Historic collection Historic collection 29/03/2012   REGIONAL QUARTO 1785 DUCAREL 30077913 26/08/2025 1 06/08/2019 Book